|
|
|
|
| LEADER |
00000nam a2200000 a 4500 |
| 001 |
vtls001451553 |
| 003 |
SK-MaSNL |
| 005 |
20260301073136.0 |
| 008 |
251113sm y0 au ac r 0 ger |
| 020 |
|
|
|a 3205770056
|
| 035 |
|
|
|a SNK000406857
|
| 040 |
|
|
|a SNK
|b slo
|c SNK
|e AACR2
|
| 044 |
|
|
|a au
|c AT
|
| 072 |
|
7 |
|a 321
|2 konspekt
|
| 080 |
|
|
|a 32:1
|2 1981
|
| 080 |
|
|
|a 930.1
|2 1981
|
| 080 |
|
|
|a 321
|2 1981
|
| 080 |
|
|
|a (048.8)
|2 1981
|
| 080 |
|
|
|a 316.334.3
|2 1981
|
| 080 |
|
|
|a 342.5
|2 1981
|
| 080 |
|
|
|a 316.3/.6
|2 1981
|
| 245 |
1 |
|
|a Kultur der Demokratie
|b Festschrift für Manfried Welan zum 65. Geburtstag
|c Christian Brünner, ... [et al.] (Hg.)
|
| 260 |
|
|
|a Wien [etc.]
|b Böhlau
|c c2002
|
| 300 |
|
|
|a xv, 383 s.
|b portrét
|c 24 cm
|
| 490 |
1 |
|
|a Studien zur Politik und Verwaltung
|v 80
|
| 650 |
0 |
7 |
|a demokracia
|2 SNK
|9 3564
|
| 650 |
0 |
7 |
|a filozofia politiky
|2 SNK
|9 972
|
| 650 |
0 |
7 |
|a filozofia dejín
|2 SNK
|9 4205
|
| 650 |
0 |
7 |
|a politológia
|2 konspekt
|9 4684
|
| 655 |
|
7 |
|a príručky
|2 SNK
|9 74364
|
| 655 |
|
7 |
|a štúdie
|2 SNK
|9 57033
|
| 700 |
1 |
|
|a Brünner, Christian
|4 zos
|9 393747
|
| 700 |
1 |
|
|a Welan, Manfried
|d 1937-
|4 dek
|9 393748
|
| 830 |
|
0 |
|a Studien zur Politik und Verwaltung
|9 393749
|
| 919 |
|
|
|a 3-205-77005-6
|
| 999 |
|
|
|c 643247
|d 645177
|
| 952 |
|
|
|t P60, <04>, [BOOK], {604}
|a SNK
|b SNK
|y VYP
|7 0
|p 17A0378142
|o snkIC 130746
|i snkV 674/2003
|0 0
|1 0
|4 0
|d 2003-04-08
|l 0
|r 2005-01-02 00:00:00
|w 2026-02-23
|